Aeroporti delle principali città mondiali - Statistics

Statistiche generali
  • Questo quiz è stato fatto 70 volte
  • Il punteggio medio è 7 su 15
Statistiche sulle risposte
Hint Risposta % Corretto
Roma 'Aeroporto Internazionale di Roma–Fiumicino "Leonardo da Vinci
100%
Milano Aeroporto di Milano Malpensa
93%
New York Aeroporto Internazionale John Fitzgerald Kennedy
92%
Parigi Aeroporto di Parigi Charles de Gaulle
88%
Londra Londra-Heathrow
73%
Palermo Aeroporto Internazionale Falcone e Borsellino
47%
Tokyo Aeroporto di Tokyo-Haneda
45%
Los Angeles Aeroporto internazionale di Los Angeles
27%
Toronto Aeroporto Internazionale di Toronto-Pearson
23%
Istanbul Aeroporto di Istanbul
22%
Madrid Aeroporto di Adolfo Suárez Madrid-Barajas
18%
Washington D.C. Aeroporto Internazionale di Washington-Dulles
18%
Buenos Aires Aeroporto di Buenos Aires-Ministro Pistarini
17%
Pechino Aeroporto Internazionale di Pechino-Daxing
15%
Sydney Aeroporto Internazionale Kingsford Smith
15%
Nessun quiz corrispondente trovato
Distribuzione punteggi
Percentuale di utenti per punteggio
Percentile per numero di risposta
I tuoi punteggi nel tempo
Non hai fatto questo quiz